00368 2200157 4500001002100000005001500021035002000036245003300056100001100089300002600100260002800126082000800154084001400162020002200176990001200198INLIS00000000000298320250918071054 a0010-09250003301 aLove, Smile, Tears /cFiiwon0 aFiiwon a206 hlm ;c13 x 19 cm aJakarta :bZettu,c2013 a813 a813 FII l a978-602-7735-77-9 a0755650